000 00449nam a2200181Ia 4500
001 9167
005 20260306160703.0
008 260306t2014||||xx |||||||||||||| ||spa||
041 _aESP
082 _a374.002
_bF41
100 _aFernández Menéndez, Paula María
_eAUT
245 0 _aÁmbito científico-tecnológico
260 _c2014
300 _axiii, 251 páginas :
_c24 cm.
650 _aGEN
654 _aCED
942 _cLIB
_dJUS
_fJUS
_2ddc
_n
999 _c9167
_d9167